MARC

LEADER 00000nam0a2200000 4500
001 295866
005 20231102000842.0
020 |a RU  |b 84-21729 
035 |a (RuTPU)RU\TPU\book\320955 
090 |a 295866 
100 |a 20150526d1984 km y0rusy5003 ca 
101 0 |a rus 
102 |a RU 
105 |a y z 000zy 
200 1 |a В ответе перед будущим. Поиски решения общечеловеческих проблем  |f Г. С. Хозин  |g предисл. В. В. Загладина, И. Т. Фролова 
210 |a Москва  |c Политиздат  |d 1984 
215 |a 159 с.  |c ил. 
606 1 |a Глобальная экономика  |2 stltpush  |3 (RuTPU)RU\TPU\subj\36043  |9 57566 
606 1 |a Глобальные проблемы  |x Международные отношения  |2 stltpush  |3 (RuTPU)RU\TPU\subj\7364  |9 35042 
610 1 |a общечеловеческие проблемы 
610 1 |a общечеловеческие ценности 
610 1 |a общеэкологические проблемы 
610 1 |a мирное сосуществование 
610 1 |a ресурсы 
610 1 |a голод 
610 1 |a болезни 
610 1 |a 20 век 
686 |a У5  |2 rubbk 
686 |a Ф4(0)3  |2 rubbk 
700 1 |a Хозин  |b Г. С.  |g Григорий Сергеевич  |4 070 
702 1 |a Загладина  |b В. В.  |4 080 
702 1 |a Фролова  |b И. Т.  |4 080 
801 0 |a RU  |b RuMRKP  |c 19950704  |g psbo 
801 1 |a RU  |b 63413507  |c 20150526 
801 2 |a RU  |b 63413507  |c 20181106  |g RCR 
942 |c BK